000 00925nmm a2200277 a 4500
001 ocm000984835
003 TR-IsHL
005 20201028153818.0
008 150412s2007 tu tur
007 cr cn
020 _a9789756106778
035 _a984835
_b(N$T)
050 0 4 _aPA5610.A84
_bS4419 2007
090 0 4 _aPA5610.A84
_bS4419 2007
100 1 _aAvgerinos, Tasos
245 1 0 _aSefiller kervanı: öykü
_h[electronic resource] /
_cTasos Avgerinos ; çeviren Rıza Özlütaş
260 _aİstanbul :
_bEvrensel Basım Yayın,
_c2007
300 _a129 p.
650 4 _aDil ve Edebiyat
650 4 _aLanguage and Literature
650 0 _aKısa hikayeler, Yunan
650 0 _aShort stories, Greek
650 7 _aLITERARY COLLECTIONS / European / General
_2bisacsh
700 1 _aÖzlütaş, Rıza
856 4 0 _uhttp://search.ebscohost.com/login.aspx?direct=true&scope=site&db=e011xww&AN=984835
999 _c12246
_d12246